Presidentes de Chile
Sábháilte in:
| Príomhchruthaitheoirí: | , |
|---|---|
| Formáid: | LEABHAR |
| Teanga: | Spáinnis |
| Foilsithe / Cruthaithe: |
Santiago, Chile
LOM
1997
|
| Ábhair: | |
| Clibeanna: |
Cuir clib leis
Níl clibeanna ann, Bí ar an gcéad duine le clib a chur leis an taifead seo!
|
MARC
| LEADER | 00000nam a2200000 a 4500 | ||
|---|---|---|---|
| 001 | UCO3972 | ||
| 003 | CL-VaPUC | ||
| 005 | 20210507001518.0 | ||
| 008 | 000728e19970000CL |||||||||||||||||spa|d | ||
| 999 | |c 290064 |d 290062 | ||
| 040 | |c Pontificia Universidad Católica de Valparaíso | ||
| 082 | 0 | 4 | |a 983.007 AGU 1997 |2 21 |
| 100 | 0 | |a Aguilera, Silvia |e author |9 448021 | |
| 245 | 1 | 0 | |a Presidentes de Chile |
| 260 | |a Santiago, Chile |b LOM |c 1997 | ||
| 300 | |a 74 páginas | ||
| 500 | |a 36 cartillas | ||
| 583 | |a last modification |c 20000728 00:00:00 |k Rodrigo Vera | ||
| 650 | 0 | |a Historia de Chile |9 265473 | |
| 650 | 0 | |a Presidentes |z CHILE |9 255176 | |
| 650 | 0 | |a Enseñanza de la historia |z CHILE |9 307330 | |
| 650 | 7 | |a MATERIAL Y EQUIPO DIDACTICOS |2 CL-VaPUC |9 309109 | |
| 700 | 0 | |a Benítez, Teresita |e author |9 448022 | |
| 852 | |a BIBCUR | ||
| 942 | |c BK |2 ddc | ||
| 945 | |d 20000728 00:00:00 |a crobeson | ||
| 952 | |0 0 |1 0 |2 ddc |4 0 |6 983_007000000000000_AGU_1997 |7 0 |8 A |9 339259 |a BIBHIS |b BIBHIS |d 2019-11-20 |i 1202529 |o 983.007 AGU 1997 |p 1202529 |r 2025-01-20 |t 1 |w 2019-11-20 |y BK |k HIS | ||